IMF Research Bulletin, September 2010.

This paper analyzes transmission of the great recession from advanced to emerging economies. The widespread impact of the global financial crisis of 2008-09 has spurred researchers to examine how the associated recession was transmitted from advanced to emerging economies. Recent IMF studies have fo...

ver descrição completa

Detalhes bibliográficos
Autor Corporativo: International Monetary Fund. Research Dept
Formato: Periódico
Idioma:English
Publicado em: Washington, D.C. : International Monetary Fund, 2010.
Colecção:IMF Research Bulletin; IMF Research Bulletin ; No. 2010/003
Acesso em linha:Full text available on IMF
LEADER 01609cas a2200241 a 4500
001 AALejournalIMF008301
008 230101c9999 xx r poo 0 0eng d
020 |c 5.00 USD 
020 |z 9781455243143 
022 |a 1020-8313 
040 |a BD-DhAAL  |c BD-DhAAL 
110 2 |a International Monetary Fund.  |b Research Dept. 
245 1 0 |a IMF Research Bulletin, September 2010. 
264 1 |a Washington, D.C. :  |b International Monetary Fund,  |c 2010. 
300 |a 1 online resource (12 pages) 
490 1 |a IMF Research Bulletin 
500 |a <strong>Off-Campus Access:</strong> No User ID or Password Required 
500 |a <strong>On-Campus Access:</strong> No User ID or Password Required 
506 |a Electronic access restricted to authorized BRAC University faculty, staff and students 
520 3 |a This paper analyzes transmission of the great recession from advanced to emerging economies. The widespread impact of the global financial crisis of 2008-09 has spurred researchers to examine how the associated recession was transmitted from advanced to emerging economies. Recent IMF studies have found that precrisis vulnerabilities such as large current account deficits, rapid credit growth, and high levels of short-term debt were strongly associated with the magnitude of spillovers. Trade, bank lending, and financial markets served as key transmission channels. 
538 |a Mode of access: Internet 
830 0 |a IMF Research Bulletin; IMF Research Bulletin ;  |v No. 2010/003 
856 4 0 |z Full text available on IMF  |u http://elibrary.imf.org/view/journals/026/2010/003/026.2010.issue-003-en.xml  |z IMF e-Library